[Event "Bucharest Spring IM"]
[Site "Bucharest"]
[Date "2003.03.24"]
[Round "5"]
[White "Voiteanu, Christian Gabriel"]
[Black "Berechet, Otiliu"]
[Result "1/2-1/2"]
[WhiteElo "2252"]
[BlackElo "2254"]
[PlyCount "126"]
[EventDate "2003.03.20"]
[EventType "tourn"]
[EventRounds "11"]
[EventCountry "ROU"]
[EventCategory "1"]
[SourceTitle "EXT 2004"]
[Source "ChessBase"]
[SourceDate "2003.11.25"]
[SourceVersion "1"]
[SourceVersionDate "2003.11.25"]
[SourceQuality "1"]

1. d4 e6 2. c4 Bb4+ 3. Bd2 Bxd2+ 4. Qxd2 Nh6 5. e3 0-0 6. Bd3 d6 7. Ne2 Kh8 8. 0-0 e5 9. Nbc3 Nc6 10. Rad1 Qh4 11. Nd5 Qd8 12. b4 Ne7 13. Qc2 c6 14. Nxe7 Qxe7 15. c5 d5 16. e4 dxe4 17. Bxe4 f5 18. Bd3 e4 19. Bc4 Ng4 20. h3 Nf6 21. f4 Be6 22. Qb3 Bxc4 23. Qxc4 Nd5 24. Qb3 a6 25. a3 Rac8 26. Qg3 Rf6 27. Nc3 Rg6 28. Nxd5 cxd5 29. Qe3 Qh4 30. Kh2 Qd8 31. Qe2 Qd7 32. Qa2 Re6 33. Qb3 h6 34. Rfe1 Rd8 35. Rc1 Qc7 36. g3 h5 37. Qd1 g6 38. h4 Qg7 39. Re3 Kh7 40. Rc2 Qd7 41. Rb2 Kh6 42. a4 b5 43. Ra2 Rb8 44. Kg2 bxa4 45. Qxa4 Qg7 46. Rd2 Rb5 47. Qa2 Qb7 48. Rb2 a5 49. Ra3 Rxb4 50. Rxb4 Qxb4 51. Ra4 Qc3 52. Qxd5 Qf3+ 53. Kh2 Qf2+ 54. Kh3 Qf1+ 55. Kh2 Re8 56. Ra2 e3 57. Qf7 Qb5 58. Rxa5 Qe2+ 59. Kh3 Qf1+ 60. Kh2 Rb8 61. Ra2 e2 62. Qe7 Qf2+ 63. Kh3 Qf1+ 1/2-1/2

[Event "Bucharest Spring IM"]
[Site "Bucharest"]
[Date "2003.03.21"]
[Round "2"]
[White "Berechet, Otiliu"]
[Black "Grigore, Nicolae Petre"]
[Result "0-1"]
[WhiteElo "2254"]
[BlackElo "2391"]
[PlyCount "119"]
[EventDate "2003.03.20"]
[EventType "tourn"]
[EventRounds "11"]
[EventCountry "ROU"]
[EventCategory "1"]
[SourceTitle "EXT 2004"]
[Source "ChessBase"]
[SourceDate "2003.11.25"]
[SourceVersion "1"]
[SourceVersionDate "2003.11.25"]
[SourceQuality "1"]

1. c4 g6 2. Nc3 Bg7 3. d4 Nf6 4. e4 d6 5. Be2 0-0 6. Nf3 Nbd7 7. h3 e5 8. dxe5 dxe5 9. Be3 c6 10. Qd2 Qe7 11. Rd1 Nc5 12. Ng5 h6 13. Qd6 Qxd6 14. Rxd6 Na6 15. Nf3 Nh5 16. g3 Re8 17. Rd2 Bf8 18. Nh2 Bxh3 19. Bg4 Bxg4 20. Nxg4 Rad8 21. Nxh6+ Kg7 22. Ng4 f6 23. Rxd8 Rxd8 24. Bxa7 Nb4 25. Bb6 Ra8 26. Kd2 Ra6 27. Be3 Nxa2 28. Nxa2 Rxa2 29. Kc3 Kf7 30. Rd1 Ke8 31. Bb6 Be7 32. Ne3 Ng7 33. Rh1 Ne6 34. Rh8+ Bf8 35. Ng4 Kf7 36. Be3 Ra1 37. Rh7+ Bg7 38. f4 exf4 39. gxf4 Kg8 40. Rxg7+ Kxg7 41. f5 gxf5 42. exf5 Nc7 43. Kd4 Ra5 44. Bh6+ Kf7 45. Bd2 Ra2 46. Bc3 b6 47. Ne3 Ra1 48. b4 Rh1 49. Kd3 Na6 50. Kd2 Rh2+ 51. Kd3 Rf2 52. Ke4 Rh2 53. Bxf6 Nxb4 54. Bd8 b5 55. cxb5 cxb5 56. Ng4 Re2+ 57. Kf3 Re8 58. Bg5 Nd3 59. Nh6+ Kg7 60. Kg4 0-1

[Event "Bucharest Spring IM"]
[Site "Bucharest"]
[Date "2003.03.20"]
[Round "1"]
[White "Pribeanu, Mihai Dacian"]
[Black "Berechet, Otiliu"]
[Result "1/2-1/2"]
[WhiteElo "2151"]
[BlackElo "2254"]
[PlyCount "104"]
[EventDate "2003.03.20"]
[EventType "tourn"]
[EventRounds "11"]
[EventCountry "ROU"]
[EventCategory "1"]
[SourceTitle "EXT 2004"]
[Source "ChessBase"]
[SourceDate "2003.11.25"]
[SourceVersion "1"]
[SourceVersionDate "2003.11.25"]
[SourceQuality "1"]

1. e4 c5 2. Nf3 e6 3. d4 Ne7 4. dxc5 Ng6 5. Be2 Bxc5 6. 0-0 0-0 7. c4 b6 8. Nd4 Bb7 9. Nc3 Qf6 10. Be3 Rd8 11. Qd2 Nc6 12. Rad1 Nxd4 13. Bxd4 Bxd4 14. Qxd4 e5 15. Qe3 Nf4 16. Rd2 Qg6 17. Bf3 Bc6 18. Rfd1 Ne6 19. g3 Nd4 20. Bg2 Qe6 21. b3 Qe7 22. Ne2 Ne6 23. f3 Qc5 24. Kf2 Kf8 25. Bh3 Ke7 26. Bxe6 Qxe3+ 27. Kxe3 fxe6 28. Rd6 Bd5 29. R6xd5 exd5 30. Rxd5 d6 31. Nc3 Rac8 32. a4 Rc5 33. Rd3 Ke6 34. Ke2 a6 35. Rd1 Rf8 36. Rd3 Rf7 37. Ke3 Rc8 38. Nd5 Rb7 39. Nc3 Rf8 40. f4 exf4+ 41. gxf4 Rf6 42. f5+ Kf7 43. Kd4 Rh6 44. h3 Re7 45. Nd5 Rb7 46. b4 Rh4 47. b5 a5 48. Rf3 Rb8 49. Re3 Rb7 50. Rf3 Rb8 51. Rg3 Kf8 52. Rf3 Kf7 1/2-1/2

[Event "Bucharest Astral op"]
[Site "Bucharest"]
[Date "2001.04.23"]
[Round "2"]
[White "Berechet, Otiliu"]
[Black "Itkis, Boris"]
[Result "0-1"]
[WhiteElo "2234"]
[BlackElo "2442"]
[PlyCount "62"]
[EventDate "2001.04.22"]
[EventType "swiss"]
[EventRounds "9"]
[EventCountry "ROU"]
[SourceTitle "CBM 082 Extra"]
[Source "ChessBase"]
[SourceDate "2001.07.03"]
[SourceVersion "1"]
[SourceVersionDate "2001.07.03"]
[SourceQuality "1"]

1. c4 c6 2. e4 d5 3. exd5 cxd5 4. cxd5 Nf6 5. Bb5+ Nbd7 6. Nc3 a6 7. Qa4 Rb8 8. Bxd7+ Bxd7 9. Qb3 b5 10. d3 e6 11. Bg5 Be7 12. Bf4 Rb6 13. Be3 Rb7 14. Nf3 b4 15. d6 Bxd6 16. Ne4 Be7 17. Nc5 Bxc5 18. Bxc5 Qa5 19. Bd6 Qb6 20. Be5 0-0 21. 0-0 Bc6 22. Nd2 Bd5 23. Nc4 Qc6 24. Bxf6 gxf6 25. Qd1 Rb5 26. Ne3 Kh8 27. Rc1 Qd6 28. Nxd5 Rxd5 29. Qf3 f5 30. Rfd1 Rd8 31. g3 Kg7 0-1

[Event "ROM-ch sf"]
[Site "Sovata"]
[Date "2001.03.17"]
[Round "10"]
[White "Florescu, Codrut Constantin"]
[Black "Berechet, Otiliu"]
[Result "1-0"]
[WhiteElo "2332"]
[BlackElo "2223"]
[PlyCount "105"]
[EventDate "2001.03.10"]
[EventType "swiss"]
[EventRounds "11"]
[EventCountry "ROU"]
[SourceTitle "EXT 2008"]
[Source "ChessBase"]
[SourceDate "2007.11.25"]
[SourceVersion "1"]
[SourceVersionDate "2007.11.25"]
[SourceQuality "1"]

1. e4 c5 2. Nf3 e6 3. d4 cxd4 4. Nxd4 Nc6 5. Nc3 Qc7 6. g3 a6 7. Bg2 Nf6 8. 0-0 Nxd4 9. Qxd4 Bc5 10. Bf4 d6 11. Qd2 h6 12. Rad1 e5 13. Be3 Bg4 14. f3 Be6 15. Qf2 b6 16. Rd2 0-0 17. Rfd1 Rab8 18. a3 Ne8 19. Bf1 b5 20. Bxc5 dxc5 21. Nd5 Qa7 22. f4 exf4 23. gxf4 Bxd5 24. Rxd5 Nf6 25. Qxc5 Qa8 26. R5d4 Nxe4 27. Qd5 Qxd5 28. Rxd5 Rb6 29. f5 g6 30. Bg2 gxf5 31. Rxf5 Ng5 32. Rd7 Kg7 33. h4 Kg6 34. Rfd5 Ne6 35. R7d6 Rfb8 36. Kf2 Kg7 37. Be4 Nc5 38. Bf3 Na4 39. b3 Rxd6 40. Rxd6 Nb6 41. Ke3 a5 42. Kd4 a4 43. Kc5 b4 44. axb4 axb3 45. cxb3 Nc8 46. Rd8 f5 47. b5 Kf6 48. b4 Ke5 49. Bc6 f4 50. b6 f3 51. b7 f2 52. bxc8Q Rxc8 53. Rd1 1-0

[Event "ROM-ch sf"]
[Site "Sovata"]
[Date "2001.03.12"]
[Round "4"]
[White "Manolache, Marius"]
[Black "Berechet, Otiliu"]
[Result "1-0"]
[WhiteElo "2418"]
[BlackElo "2223"]
[PlyCount "63"]
[EventDate "2001.03.10"]
[EventType "swiss"]
[EventRounds "11"]
[EventCountry "ROU"]
[SourceTitle "EXT 2008"]
[Source "ChessBase"]
[SourceDate "2007.11.25"]
[SourceVersion "1"]
[SourceVersionDate "2007.11.25"]
[SourceQuality "1"]

1. d4 e6 2. c4 Nf6 3. Nc3 Bb4 4. e3 0-0 5. Nge2 Kh8 6. g3 Ng8 7. Bg2 f5 8. 0-0 Rf7 9. e4 fxe4 10. Nxe4 d5 11. Ng5 Rf5 12. c5 c6 13. h4 h6 14. Nf3 Ba5 15. Nf4 Bc7 16. Ng6+ Kh7 17. Nge5 Nd7 18. Bh3 Nxe5 19. Bxf5+ exf5 20. dxe5 Ne7 21. Re1 Qe8 22. e6 Qg6 23. Ne5 Bxe5 24. Rxe5 Qf6 25. Re1 Bxe6 26. Qe2 Bd7 27. Qxe7 Re8 28. Bg5 hxg5 29. Qxd7 Re4 30. hxg5 Qxg5 31. Rxe4 dxe4 32. Kg2 1-0

[Event "Bucharest Autumn Cup IM"]
[Site "Bucharest"]
[Date "2000.12.02"]
[Round "12"]
[White "Vujic, Mihailo"]
[Black "Berechet, Otiliu"]
[Result "1-0"]
[WhiteElo "2281"]
[BlackElo "2224"]
[PlyCount "123"]
[EventDate "2000.11.04"]
[EventType "tourn"]
[EventRounds "14"]
[EventCountry "ROU"]
[EventCategory "1"]
[SourceTitle "CBM 079 Extra"]
[Source "ChessBase"]
[SourceDate "2001.01.11"]
[SourceVersion "2"]
[SourceVersionDate "2001.01.25"]
[SourceQuality "1"]

1. e4 e6 2. d4 d5 3. Nc3 Bb4 4. e5 c5 5. a3 Bxc3+ 6. bxc3 Ne7 7. a4 Qa5 8. Bd2 c4 9. Nh3 Bd7 10. Qh5 h6 11. Be2 Nbc6 12. Ng5 Ng6 13. Nf3 Nf4 14. Qg4 Nxe2 15. Qxg7 0-0-0 16. Kxe2 Rdg8 17. Qxf7 Nd8 18. Qf6 Bxa4 19. Nh4 Rf8 20. Qe7 b5 21. Ra2 Qb6 22. Rb1 Re8 23. Qb4 Qc7 24. Bf4 Nb7 25. Qb2 Rh7 26. Qc1 Rg8 27. Qe3 Rg4 28. g3 Qf7 29. f3 Rg8 30. Bxh6 Qh5 31. Bf4 Rf7 32. Rf1 Qh7 33. Kd2 Rfg7 34. Kc1 Na5 35. Bh6 Rg6 36. Nxg6 Rxg6 37. Bf4 Qxh2 38. Qf2 Qh3 39. g4 Nc6 40. Kd2 Rg8 41. Rg1 Rf8 42. Ke3 Qh7 43. Qh2 Qf7 44. Qh6 Ne7 45. Qf6 Qxf6 46. exf6 Rxf6 47. Bg5 Rf7 48. Bxe7 Rxe7 49. g5 Kd7 50. g6 Rg7 51. Kf4 Ke7 52. Ke5 a5 53. Rg2 Rg8 54. g7 Kf7 55. Ra1 Ke7 56. Rg6 Bxc2 57. Rxe6+ Kf7 58. Rxa5 Rb8 59. Ra7+ Kg8 60. Kf6 Kh7 61. Rea6 Rg8 62. Ra2 1-0

[Event "Bucharest Autumn Cup IM"]
[Site "Bucharest"]
[Date "2000.11.25"]
[Round "6"]
[White "Berechet, Otiliu"]
[Black "Hamdouchi, Adina Maria"]
[Result "1/2-1/2"]
[WhiteElo "2224"]
[BlackElo "2271"]
[PlyCount "147"]
[EventDate "2000.11.04"]
[EventType "tourn"]
[EventRounds "14"]
[EventCountry "ROU"]
[EventCategory "1"]
[SourceTitle "CBM 079 Extra"]
[Source "ChessBase"]
[SourceDate "2001.01.11"]
[SourceVersion "2"]
[SourceVersionDate "2001.01.25"]
[SourceQuality "1"]

1. c4 f5 2. Qc2 g6 3. b4 Bg7 4. Bb2 Nf6 5. Bc3 d6 6. d3 e5 7. Nd2 Qe7 8. e3 Nc6 9. Nb3 0-0 10. b5 Nd8 11. Qb2 b6 12. Ne2 a6 13. a4 axb5 14. axb5 Rxa1+ 15. Qxa1 f4 16. e4 f3 17. gxf3 Nh5 18. Bg2 Qg5 19. Rg1 Qh4 20. Nd2 Ne6 21. Nf1 Nef4 22. Nxf4 Nxf4 23. Qd1 Qg5 24. Ng3 Nxd3+ 25. Kf1 Nf4 26. Bd2 Be6 27. Qc1 Qf6 28. Qc3 Qf7 29. Ke1 Nxg2+ 30. Rxg2 Bxc4 31. Nf5 Kh8 32. Nxg7 Kxg7 33. f4 Bxb5 34. fxe5 Kg8 35. exd6 cxd6 36. Bh6 Re8 37. f3 Rxe4+ 38. fxe4 Qf1+ 39. Kd2 Qxg2+ 40. Kc1 Qh1+ 41. Kc2 Qxe4+ 42. Kb2 Qe5 43. Qxe5 dxe5 44. Be3 Kf7 45. Kc3 Ke6 46. Kd2 Kf5 47. Ke1 Kg4 48. Kf2 h5 49. Bxb6 Kh3 50. Kg1 g5 51. Bc7 e4 52. Kf2 h4 53. Bd6 Kg4 54. Be7 Kf5 55. Bd8 Bc6 56. Be7 Kf4 57. Bd6+ Kg4 58. Be7 Kh5 59. Bd8 g4 60. Be7 Ba4 61. Bd8 Bd1 62. Be7 Bf3 63. Bd8 h3 64. Bc7 Kg5 65. Ke3 Kf5 66. Bg3 Ke6 67. Kd2 Kd5 68. Bf2 Kc4 69. Bg3 Bh1 70. Bf2 Bg2 71. Bg3 Kd4 72. Bf2+ e3+ 73. Bxe3+ Ke4 74. Bf2 1/2-1/2

[Event "Bucharest Autumn Cup IM"]
[Site "Bucharest"]
[Date "2000.11.24"]
[Round "5"]
[White "Glodeanu, Ion"]
[Black "Berechet, Otiliu"]
[Result "1/2-1/2"]
[WhiteElo "2271"]
[BlackElo "2224"]
[PlyCount "23"]
[EventDate "2000.11.04"]
[EventType "tourn"]
[EventRounds "14"]
[EventCountry "ROU"]
[EventCategory "1"]
[SourceTitle "CBM 079 Extra"]
[Source "ChessBase"]
[SourceDate "2001.01.11"]
[SourceVersion "2"]
[SourceVersionDate "2001.01.25"]
[SourceQuality "1"]

1. e4 e6 2. d4 d5 3. exd5 exd5 4. Nf3 Bd6 5. Be2 Nc6 6. c3 Bg4 7. 0-0 Nge7 8. Nbd2 Bh5 9. Re1 0-0 10. Nf1 Re8 11. Ng3 Bg6 12. Bf1 1/2-1/2

[Event "Ciocaltea Memorial op"]
[Site "Bucharest"]
[Date "2000.??.??"]
[Round "2"]
[White "Bach, Gino"]
[Black "Berechet, Otiliu"]
[Result "0-1"]
[WhiteElo "2037"]
[BlackElo "2199"]
[PlyCount "72"]
[EventDate "2000.02.??"]
[EventType "swiss"]
[EventRounds "7"]
[EventCountry "ROU"]
[SourceTitle "EXT 2001"]
[Source "ChessBase"]
[SourceDate "2000.11.22"]
[SourceVersion "1"]
[SourceVersionDate "2000.11.22"]
[SourceQuality "1"]

1. e4 c5 2. c3 e6 3. d4 d5 4. e5 Nc6 5. Nf3 Qb6 6. Be2 Nh6 7. Bxh6 gxh6 8. b3 cxd4 9. cxd4 Bb4+ 10. Kf1 Bd7 11. Qd3 Rc8 12. Nbd2 Qa5 13. Qe3 Nxd4 14. Nc4 Nc2 15. Nxa5 Nxe3+ 16. fxe3 Bxa5 17. Kf2 0-0 18. h4 Rc3 19. Rh3 Bb6 20. Nh2 f5 21. Rf1 Rc2 22. Kf3 Rxa2 23. Rf2 f4 24. Kg4 h5+ 25. Kxh5 Rf5+ 26. Kh6 Bc5 27. Rg3+ fxg3 28. Rxf5 Bxe3+ 29. Rg5+ Bxg5+ 30. hxg5 gxh2 31. Bh5 Rxg2 32. b4 h1R 33. b5 d4 34. b6 Be8 35. bxa7 d3 36. g6 Rxg6# 0-1

[Event "Bucharest-A (Women)"]
[Site "Bucharest"]
[Date "2000.??.??"]
[Round "3"]
[White "Berechet, Otiliu"]
[Black "Olarasu, Gabriela"]
[Result "1/2-1/2"]
[WhiteElo "2199"]
[BlackElo "2321"]
[PlyCount "88"]
[EventDate "2000.03.??"]
[EventType "tourn"]
[EventRounds "12"]
[EventCountry "ROU"]
[SourceTitle "EXT 2001"]
[Source "ChessBase"]
[SourceDate "2000.11.22"]
[SourceVersion "1"]
[SourceVersionDate "2000.11.22"]
[SourceQuality "1"]

1. c4 e5 2. a3 Nf6 3. e3 a5 4. Nc3 g6 5. Nf3 Qe7 6. Qa4 e4 7. Nd4 b6 8. b4 Bb7 9. b5 Bg7 10. Bb2 0-0 11. Rc1 d6 12. Nc6 Bxc6 13. bxc6 Na6 14. Nd5 Nxd5 15. Bxg7 Kxg7 16. cxd5 Nc5 17. Qc4 Kg8 18. Rb1 f5 19. f4 exf3 20. gxf3 Rfe8 21. Kd1 f4 22. e4 Nxe4 23. fxe4 Qxe4 24. Qxe4 Rxe4 25. Bh3 f3 26. Be6+ Kg7 27. Rf1 g5 28. Rb3 g4 29. d3 Rf4 30. Ke1 f2+ 31. Ke2 h5 32. Rxb6 cxb6 33. c7 b5 34. c8Q Rxc8 35. Bxc8 b4 36. axb4 axb4 37. Rxf2 Rxf2+ 38. Kxf2 Kf6 39. d4 Kg5 40. Ba6 Kf4 41. Bd3 h4 42. Ke2 b3 43. Kf2 b2 44. Bb1 g3+ 1/2-1/2

[Event "ROM-ch sf"]
[Site "Baile Tusnad"]
[Date "2000.??.??"]
[Round "7"]
[White "Berechet, Otiliu"]
[Black "Velea, Constantin"]
[Result "1/2-1/2"]
[WhiteElo "2199"]
[BlackElo "2125"]
[PlyCount "25"]
[EventDate "2000.05.??"]
[EventType "swiss"]
[EventRounds "11"]
[EventCountry "ROU"]
[SourceTitle "EXT 2001"]
[Source "ChessBase"]
[SourceDate "2000.11.22"]
[SourceVersion "1"]
[SourceVersionDate "2000.11.22"]
[SourceQuality "1"]

1. c3 d5 2. g3 Nf6 3. d3 e5 4. Bg2 Be7 5. Nf3 Nc6 6. b4 a6 7. a3 Bg4 8. Nfd2 Qd7 9. h3 Be6 10. Nb3 b6 11. Qc2 Rd8 12. N1d2 0-0 13. Bb2 1/2-1/2

[Event "Bucharest-A (Women)"]
[Site "Bucharest"]
[Date "2000.??.??"]
[Round "10"]
[White "Olarasu, Gabriela"]
[Black "Berechet, Otiliu"]
[Result "1/2-1/2"]
[WhiteElo "2321"]
[BlackElo "2199"]
[PlyCount "65"]
[EventDate "2000.03.??"]
[EventType "tourn"]
[EventRounds "12"]
[EventCountry "ROU"]
[SourceTitle "EXT 2001"]
[Source "ChessBase"]
[SourceDate "2000.11.22"]
[SourceVersion "1"]
[SourceVersionDate "2000.11.22"]
[SourceQuality "1"]

1. Nf3 Nc6 2. d4 d5 3. Bf4 Bg4 4. e3 e6 5. c4 Bb4+ 6. Nc3 Nge7 7. h3 Bxf3 8. Qxf3 0-0 9. Bd3 dxc4 10. Bxc4 Nd5 11. Bxd5 exd5 12. Rc1 Ne7 13. 0-0 Bxc3 14. Rxc3 c6 15. Qg4 Ng6 16. b4 a6 17. Rb1 Re8 18. Bg3 Re4 19. Qd1 Qe7 20. Qd2 h5 21. f3 Re6 22. a4 Re8 23. Bf2 Nh4 24. Bxh4 Qxh4 25. b5 axb5 26. axb5 Qg5 27. bxc6 bxc6 28. Rbc1 Rxe3 29. Rxc6 Re1+ 30. Qxe1 Rxe1+ 31. Rxe1 Qd2 32. Re8+ Kh7 33. Rd8 1/2-1/2

[Event "Bucharest Fest IM (Women)"]
[Site "Bucharest"]
[Date "1998.??.??"]
[Round "?"]
[White "Baciu, Anca Otilia"]
[Black "Berechet, Otiliu"]
[Result "1/2-1/2"]
[WhiteElo "2185"]
[BlackElo "2220"]
[PlyCount "109"]
[EventDate "1998.10.??"]
[EventType "tourn"]
[EventRounds "11"]
[EventCountry "ROU"]
[EventCategory "5"]
[SourceTitle "EXT 2000"]
[Source "ChessBase"]
[SourceDate "1999.11.16"]
[SourceVersion "1"]
[SourceVersionDate "1999.11.16"]
[SourceQuality "1"]

1. e4 e6 2. d4 a6 3. c4 Bb4+ 4. Nc3 c5 5. Nf3 d6 6. Bd3 Nd7 7. 0-0 e5 8. dxe5 Bxc3 9. bxc3 dxe5 10. Qa4 Ne7 11. Bg5 f6 12. Be3 0-0 13. Rfd1 Qc7 14. Rab1 Rd8 15. Qc2 Nf8 16. Nd2 Bd7 17. Nb3 b6 18. Qe2 Ne6 19. g3 Ba4 20. h4 Rd6 21. h5 Rad8 22. f4 Nc6 23. f5 Nf8 24. Bc2 Na7 25. Rxd6 Rxd6 26. Rd1 Nc8 27. Rd5 Bc6 28. Rxd6 Nxd6 29. Nd2 Nd7 30. Qg4 Nb8 31. h6 Be8 32. Qh4 Nc6 33. hxg7 Qxg7 34. Bh6 Qf7 35. g4 Kh8 36. g5 Qh5 37. Qxh5 Bxh5 38. gxf6 Kg8 39. Ba4 Na5 40. Bd7 Naxc4 41. Nxc4 Nxc4 42. Be6+ Bf7 43. Kf2 Nd6 44. Ke3 c4 45. Bg5 Nb7 46. Bh4 Nc5 47. Bg3 Nd3 48. Bc8 a5 49. Ba6 h5 50. Bb5 Kh7 51. Bc6 Kg8 52. Ba4 Nc5 53. Bb5 Nd3 54. Ba4 Nc5 55. Bb5 1/2-1/2

[Event "Bucharest Fest IM (Women)"]
[Site "Bucharest"]
[Date "1998.??.??"]
[Round "?"]
[White "Berechet, Otiliu"]
[Black "Andreescu, Aurora Nicoleta"]
[Result "1-0"]
[WhiteElo "2220"]
[BlackElo "2080"]
[PlyCount "83"]
[EventDate "1998.10.??"]
[EventType "tourn"]
[EventRounds "11"]
[EventCountry "ROU"]
[EventCategory "5"]
[SourceTitle "EXT 2000"]
[Source "ChessBase"]
[SourceDate "1999.11.16"]
[SourceVersion "1"]
[SourceVersionDate "1999.11.16"]
[SourceQuality "1"]

1. c4 Nf6 2. Nc3 d5 3. cxd5 Nxd5 4. g3 g6 5. Bg2 Nb6 6. h4 h5 7. d3 Bg7 8. Bg5 c6 9. Qd2 Na6 10. Nh3 Nc7 11. 0-0 Ne6 12. Be3 Nd5 13. Nxd5 cxd5 14. d4 Nc7 15. Rac1 Bf5 16. Qb4 b6 17. Bf4 Ne6 18. Qb5+ Qd7 19. Qxd5 Qxd5 20. Bxd5 Bxh3 21. Bc6+ Kd8 22. Bxa8 Bxf1 23. Kxf1 Nxf4 24. gxf4 Bxd4 25. Bd5 e6 26. Bxe6 Bxb2 27. Rc2 fxe6 28. Rxb2 Kd7 29. Rd2+ Ke7 30. Rc2 Kd7 31. Rc3 Rf8 32. Rd3+ Ke7 33. e3 Rc8 34. Ra3 a5 35. Rb3 Rc2 36. Rxb6 Rxa2 37. Rb7+ Kf6 38. e4 a4 39. Kg2 a3 40. e5+ Kf5 41. Kf3 g5 42. Rg7 1-0

[Event "Bucharest Fest GM (Women)"]
[Site "Bucharest"]
[Date "1998.??.??"]
[Round "?"]
[White "Berechet, Otiliu"]
[Black "Smokina, Karolina"]
[Result "1/2-1/2"]
[WhiteElo "2220"]
[BlackElo "2180"]
[PlyCount "88"]
[EventDate "1998.10.??"]
[EventType "tourn"]
[EventRounds "12"]
[EventCountry "ROU"]
[EventCategory "8"]
[SourceTitle "EXT 2000"]
[Source "ChessBase"]
[SourceDate "1999.11.16"]
[SourceVersion "1"]
[SourceVersionDate "1999.11.16"]
[SourceQuality "1"]

1. c4 Nf6 2. Nc3 d6 3. b4 a5 4. b5 c5 5. bxc6 bxc6 6. Rb1 e5 7. Na4 Bf5 8. Rb2 Nbd7 9. e3 Rb8 10. Ne2 d5 11. Ng3 Be6 12. Qc2 Be7 13. Be2 0-0 14. 0-0 Rb4 15. a3 Rb8 16. f3 h5 17. Nf5 Bxf5 18. Qxf5 g6 19. Qc2 Re8 20. cxd5 cxd5 21. Ba6 Bf8 22. Rb3 Re6 23. Bb5 Rc8 24. Rc3 Rb8 25. Bd3 d4 26. Rb3 Rc8 27. Qb1 Nc5 28. Nxc5 Bxc5 29. Kh1 Kg7 30. Rb7 Rb6 31. Rxb6 Qxb6 32. e4 Nd7 33. g3 Bd6 34. Qxb6 Nxb6 35. f4 exf4 36. Bb2 Nc4 37. Bxd4+ Be5 38. Bxc4 Bxd4 39. d3 Rb8 40. gxf4 Rb2 41. a4 f6 42. Re1 Bf2 43. Ra1 Be3 44. Rf1 Bd4 1/2-1/2

[Event "Bucharest Fest IM (Women)"]
[Site "Bucharest"]
[Date "1998.??.??"]
[Round "?"]
[White "Dragomirescu, Angela"]
[Black "Berechet, Otiliu"]
[Result "1/2-1/2"]
[WhiteElo "2155"]
[BlackElo "2220"]
[PlyCount "127"]
[EventDate "1998.10.??"]
[EventType "tourn"]
[EventRounds "11"]
[EventCountry "ROU"]
[EventCategory "5"]
[SourceTitle "EXT 2000"]
[Source "ChessBase"]
[SourceDate "1999.11.16"]
[SourceVersion "1"]
[SourceVersionDate "1999.11.16"]
[SourceQuality "1"]

1. d4 e6 2. Nf3 a6 3. g3 Bb4+ 4. c3 Be7 5. Bg2 Nf6 6. 0-0 0-0 7. c4 d6 8. Nc3 Nfd7 9. e4 b5 10. cxb5 axb5 11. Re1 b4 12. Nb1 c6 13. a3 bxa3 14. Rxa3 Ra6 15. Nc3 Re8 16. Bf1 Rxa3 17. bxa3 Qa5 18. Bb2 Ba6 19. Qa4 Qxa4 20. Nxa4 Bxf1 21. Kxf1 f6 22. Rc1 Kf7 23. Nd2 g5 24. Nc4 d5 25. exd5 cxd5 26. Na5 g4 27. Nb7 Na6 28. Rc6 Ndb8 29. Rc2 Nd7 30. Rc6 Ra8 31. Nd6+ Bxd6 32. Rxd6 Nab8 33. Nb6 Ra7 34. Nxd7 Nxd7 35. Bc3 Nb8 36. Bb4 Na6 37. Ba5 Ke7 38. Rc6 Kd7 39. Rc3 Rb7 40. Kg2 Rb5 41. Bb4 Nxb4 42. Rb3 Ra5 43. Rxb4 Rxa3 44. Rb7+ Kd6 45. Rb6+ Kd7 46. Rb7+ Kc6 47. Rxh7 Ra4 48. Rh6 Rxd4 49. Rxf6 Kd6 50. h3 Ke7 51. Rh6 gxh3+ 52. Kxh3 Rd1 53. Kg4 d4 54. Kf3 Re1 55. Rh4 d3 56. Rd4 e5 57. Rd5 Ke6 58. Rd7 Kf5 59. Rd8 Kg5 60. Rg8+ Kf5 61. Rf8+ Ke6 62. Rd8 Kf6 63. Kg4 Re4+ 64. f4 1/2-1/2

[Event "Bucharest Fest GM (Women)"]
[Site "Bucharest"]
[Date "1998.??.??"]
[Round "?"]
[White "Ionescu, Irina"]
[Black "Berechet, Otiliu"]
[Result "1-0"]
[WhiteElo "2345"]
[BlackElo "2220"]
[PlyCount "60"]
[EventDate "1998.10.??"]
[EventType "tourn"]
[EventRounds "12"]
[EventCountry "ROU"]
[EventCategory "8"]
[SourceTitle "EXT 2000"]
[Source "ChessBase"]
[SourceDate "1999.11.16"]
[SourceVersion "1"]
[SourceVersionDate "1999.11.16"]
[SourceQuality "1"]

1. e4 c6 2. c4 g6 3. d4 Bg7 4. Nc3 d6 5. Nf3 Nf6 6. Be2 0-0 7. 0-0 a6 8. Rb1 Kh8 9. b4 Ng8 10. Re1 Nd7 11. Qb3 b6 12. Be3 Rb8 13. Qc2 Ndf6 14. h3 Ne8 15. d5 cxd5 16. cxd5 e5 17. dxe6 fxe6 18. Nd4 Qd7 19. b5 axb5 20. Bxb5 Qc7 21. Qb3 Be5 22. Nc6 Bxc3 23. Qxc3+ e5 24. Rec1 Rb7 25. Ba6 Ng7 26. Bxb7 Bxb7 27. Rxb6 Qd7 28. Qb4 Ba8 29. Nxe5 Qe8 30. Rb8 dxe5 1-0

[Event "Bucharest Fest GM (Women)"]
[Site "Bucharest"]
[Date "1998.??.??"]
[Round "?"]
[White "Smokina, Karolina"]
[Black "Berechet, Otiliu"]
[Result "1/2-1/2"]
[WhiteElo "2180"]
[BlackElo "2220"]
[PlyCount "75"]
[EventDate "1998.10.??"]
[EventType "tourn"]
[EventRounds "12"]
[EventCountry "ROU"]
[EventCategory "8"]
[SourceTitle "EXT 2000"]
[Source "ChessBase"]
[SourceDate "1999.11.16"]
[SourceVersion "1"]
[SourceVersionDate "1999.11.16"]
[SourceQuality "1"]

1. c4 c5 2. Nc3 Nf6 3. Nf3 e6 4. d4 cxd4 5. Nxd4 Nc6 6. g3 Qb6 7. Nc2 Bc5 8. e3 Ne5 9. Be2 a5 10. 0-0 a4 11. Nd4 a3 12. bxa3 0-0 13. Rb1 Qa5 14. Ndb5 Ra6 15. Qc2 d6 16. Rd1 Bd7 17. Nd4 Qc7 18. Ncb5 Qc8 19. Bb2 Ng6 20. Bd3 e5 21. Nb3 e4 22. Be2 Ne8 23. Rbc1 Bg4 24. Rd5 Be6 25. Rh5 Bg4 26. Bxg4 Qxg4 27. Qd1 Qxd1+ 28. Rxd1 f5 29. Nxc5 dxc5 30. Rd7 Nf6 31. Bxf6 Raxf6 32. Rxb7 Ne5 33. Nc3 R6f7 34. Rb5 g6 35. Rh3 Rc8 36. a4 Nxc4 37. Nd5 Kg7 38. a5 1/2-1/2

[Event "Bucharest Fest IM (Women)"]
[Site "Bucharest"]
[Date "1998.??.??"]
[Round "?"]
[White "Zatonskih, Anna"]
[Black "Berechet, Otiliu"]
[Result "1-0"]
[WhiteElo "2320"]
[BlackElo "2220"]
[PlyCount "73"]
[EventDate "1998.10.??"]
[EventType "tourn"]
[EventRounds "11"]
[EventCountry "ROU"]
[EventCategory "5"]
[SourceTitle "EXT 2000"]
[Source "ChessBase"]
[SourceDate "1999.11.16"]
[SourceVersion "1"]
[SourceVersionDate "1999.11.16"]
[SourceQuality "1"]

1. e4 e6 2. d4 a6 3. Nf3 d5 4. e5 c5 5. c3 Bd7 6. Bd3 Qb6 7. dxc5 Bxc5 8. 0-0 Bb5 9. b4 Bf8 10. Be3 Qc7 11. Bxb5+ axb5 12. Qe2 Qc4 13. Qb2 Nd7 14. Na3 Qc6 15. Nd4 Qa6 16. Naxb5 Rc8 17. f4 Nh6 18. Qe2 g6 19. g4 Rg8 20. Kh1 Kd8 21. h3 Rc4 22. a4 Be7 23. f5 g5 24. f6 Bf8 25. Bd2 Qa8 26. Rad1 Rg6 27. Qd3 Ng8 28. Nf3 h5 29. Nxg5 Rxg5 30. Bxg5 Qxa4 31. Nd4 Qa3 32. Bd2 Bxb4 33. Ra1 Nxe5 34. Rxa3 Nxd3 35. Nxe6+ fxe6 36. f7 Nf6 37. cxb4 1-0